000 00507nam a2200181Ia 4500
005 20250508152125.0
008 008 250505s9999 xx 000 0 eng d
037 _aTextual
040 _aFEDL
_beng
_cFEDL
041 _aeng
_2eng
084 _a910, HIL
_qFEDL
100 _aHill R A
_9760802
245 0 _aWorld and its peoples: Essential facts and figures
260 _aLondon, UK
_bOdhams Press Limited
_c1957
300 _a240p.
942 _cTEXL
_h910, HIL
999 _c1334419
_d1334419